000 00561nam a2200181Ia 4500
005 20250508162526.0
008 008 250505s9999 xx 000 0 eng d
037 _aTextual
040 _aFEDL
_beng
_cFEDL
041 _aeng
_2eng
084 _a301, IND
_qFEDL
245 0 _aSurvey of research in sociology and social anthropology 1969-1979. 3 vols
245 0 _cIndian Council of Scoial Science Research
260 _aNew Delhi, India
_bSatvahan Publications
650 _aSociology
942 _cTEXL
_h301, IND
999 _c1377092
_d1377092